000 00662nam a22002177a 4500
003 UA-OsUOA
001 110066
007 ta
008 20150217b un ||||| |||| 00| 0 ukr d
100 _aБартенев В.И.
090 _a32
_bБ26
942 _cSA
040 _aUA-OsUOA
_brus
_cUA-OsUOA
_dUA-OsUOA
245 _aВлияние внутренних детерминант на распределение ресурсов внешней помощи в эпоху бюджетной экономии: опыт США
300 _aС.52-101
955 _a0
041 _arus
080 _a32
773 0 _w110065
650 7 _a32 Політика
_2UDC
999 _c396075
_d396075